00789cam a22002297a 4500003000500000005001700005008004100022010001000063011001000073035001100083040000900094100003700103245013800140260004300278300001900321502009700340650002800437650002800465650003300493650001200526650002100538CHAP20220329142907.0050118d2004 mx a r 00110 spa d a89304 a90276 a100832 cCHAP00aBernal Salazar, Isaías Sergio.13aEl papel de las variables ambientales y los contaminantes atmosféricos en la actividad cambialc/por Isaías Sergio Bernal Salazar aMontecillo, Méx. :bEl autor,c2004. a99 h. :bilus. aTesis (Doctor en Ciencias) - - C. P. Instituto de Recursos Naturales. Programa en Botánica14aAnillos de crecimiento.14aÁrbolesxCrecimiento.14aÁrbolesxEfecto del clima.14aOyamel.14aPinus hartwegii.